| 000 | 00473nam a2200169Ia 4500 | ||
|---|---|---|---|
| 008 | 230312s9999 xx 000 0 und d | ||
| 041 | _aeng | ||
| 082 |
_a620.106 _b620.106 RAJ |
||
| 100 |
_aRajput R.K. _9137180 |
||
| 245 |
_aTextbook Of Fluid Mechanics _bFluid Mechanics & Hydraulic Machines Part I |
||
| 260 |
_c2008 _bS. Chand & Company |
||
| 300 | _a999 | ||
| 365 |
_cRs. _b375.00 |
||
| 710 |
_aRajput R.K. _9137181 |
||
| 906 | _b281.25 | ||
| 999 |
_c129884 _d129884 |
||